[Event "CAN-ch U08 Girls"]
[Site "Richmond Hill"]
[Date "2011.07.08"]
[Round "5"]
[White "Nodin, Danielle"]
[Black "Eckert, Alixaendra"]
[Result "0-1"]
[WhiteElo "200"]
[BlackElo "465"]
[PlyCount "40"]
[EventDate "2011.07.06"]
[EventType "swiss"]
[EventRounds "7"]
[EventCountry "CAN"]
[SourceTitle "EXT 2022"]
[Source "ChessBase"]
[SourceDate "2021.10.06"]
[SourceVersion "1"]
[SourceVersionDate "2021.10.06"]
[SourceQuality "1"]

1. e4 e5 2. d3 Nc6 3. Be2 Bb4+ 4. Kf1 Nf6 5. Bh5 0-0 6. Bxf7+ Rxf7 7. Qh5 d6 8. Qxe5 dxe5 9. Ke2 Bg4+ 10. Kf1 Qd7 11. Bg5 Nh5 12. Bd2 Bxd2 13. Nxd2 Nb4 14. Nc4 Nxc2 15. Nxe5 Qe7 16. Nd7 Qxd7 17. Re1 Nxe1 18. Kxe1 Qxd3 19. a3 Re7 20. a4 Rxe4+ 0-1